000 00533nam a2200217Ia 4500
003 OSt
005 20220928141106.0
006 a|||||r|||| 00| 0
007 ta
008 220927b |||||||| |||| 00| 0 eng d
024 _a13658
037 _cTextual
040 _aSDCL
_cSDCL
_beng
041 _2eng
_aeng
082 _aO-,6L09,1, K8
100 _aJohnson Samuel
_9391935
245 0 _aHistory of Rasselas.
260 _c1968
942 _hO-,6L09,1, K8
_cTEXL
_2CC
999 _c816067
_d816067